[Event "5th Classic Open 2013"]
[Site "London ENG"]
[Date "2013.12.12"]
[Round "6.28"]
[White "Ansell, Simon T"]
[Black "Ethelontis, Alexandros N"]
[Result "1-0"]
[WhiteTitle "IM"]
[WhiteElo "2374"]
[BlackElo "2158"]
[WhiteFideId "402141"]
[BlackFideId "405469"]
[EventDate "2013.12.07"]

1. e4 e6 2. Qe2 c5 3. Nf3 Nc6 4. g3 g6 5. Bg2 Bg7 6. O-O Nge7 7. c3 d6 8. d4
cxd4 9. cxd4 Nxd4 10. Nxd4 Bxd4 11. Bh6 Nc6 12. h4 Bd7 13. Nc3 Qb6 14. Rac1 a6
15. Rfd1 O-O-O 16. Bf4 e5 17. Bg5 Rde8 18. Nd5 Qxb2 19. Qxb2 Bxb2 20. Rb1 Bd4
21. Nf6 Ref8 22. Nxd7 Kxd7 23. Rxb7+ Ke6 24. Bf1 d5 25. Rc1 Rc8 26. exd5+ Kxd5
27. Bxa6 Kd6 28. Rxf7 Rcf8 29. Rxf8 Rxf8 30. Be3 Rb8 31. Bc4 Ra8 32. Bb5 Ne7 33.
a4 Nf5 34. Bd2 Bc5 35. Kg2 Nd4 36. Be3 Ra7 37. Bh6 Ne6 38. Rd1+ Bd4 39. Bd2 Kd5
40. Rc1 Nc5 41. Bc4+ Kd6 42. a5 Rb7 43. Rc2 Ra7 44. Kf3 Ra8 45. Ke2 Rf8 46. Be1
Ra8 47. Ra2 Na6 48. Bd3 Nc5 49. Bc4 Na6 50. f3 Kc5 51. Bxa6 Rxa6 52. Bf2 Kc4 53.
Bxd4 exd4 54. Kd2 Kb3 55. Ra1 Kb2 56. Ra4 Kb3 57. Rxd4 Rxa5 58. Rd7 Rh5 59. Kd3
Kb4 60. Kd4 Kb5 61. Rd5+ Rxd5+ 62. Kxd5 Kb4 63. g4 Kc3 64. f4 1-0

[Event "5th Classic Open 2013"]
[Site "London ENG"]
[Date "2013.12.12"]
[Round "6.29"]
[White "Bates, Caspar J"]
[Black "Crouch, Colin S"]
[Result "1-0"]
[BlackTitle "IM"]
[WhiteElo "2167"]
[BlackElo "2362"]
[WhiteFideId "414760"]
[BlackFideId "400947"]
[EventDate "2013.12.07"]

1. d4 d5 2. c4 c6 3. e3 Nf6 4. Nc3 g6 5. Nf3 Bg7 6. Be2 O-O 7. O-O dxc4 8. Bxc4
Nbd7 9. Qe2 Qc7 10. e4 e5 11. dxe5 Nxe5 12. Nxe5 Qxe5 13. f4 Qe7 14. e5 Ng4 15.
Ne4 Nh6 16. Be3 b6 17. h3 Nf5 18. Bf2 c5 19. g4 Nd4 20. Bxd4 cxd4 21. Nd6 g5 22.
Qe4 Rb8 23. Bd3 f5 24. gxf5 1-0

[Event "5th Classic Open 2013"]
[Site "London ENG"]
[Date "2013.12.12"]
[Round "6.30"]
[White "Richardson, John R"]
[Black "Willmoth, Robert F"]
[Result "1-0"]
[WhiteTitle "FM"]
[WhiteElo "2340"]
[BlackElo "2157"]
[WhiteFideId "401617"]
[BlackFideId "402540"]
[EventDate "2013.12.07"]

1. d4 d6 2. Nf3 Bg4 3. c4 Bxf3 4. exf3 c6 5. Nc3 g6 6. Be3 Bg7 7. Qd2 Nd7 8. h4
h5 9. Be2 Qc7 10. O-O-O Ngf6 11. g4 a6 12. g5 Ng8 13. Kb1 O-O-O 14. Ne4 Kb8 15.
Qb4 Ka8 16. Rd3 d5 17. cxd5 cxd5 18. Rc3 Qb6 19. Qxb6 Nxb6 20. Nc5 Nd7 21. Na4
b5 22. Nc5 Nxc5 23. Rxc5 Kb7 24. a4 bxa4 25. Rhc1 Rd7 26. Rc6 a5 27. Ba6+ Ka7
28. Bc8 Rd6 29. Rc7+ Ka8 30. R1c5 e5 31. Rb7 Ra6 32. Rxf7 Ra7 33. Rxa7+ Kxa7 34.
Rc7+ Kb8 35. Rxg7 Kxc8 36. dxe5 Kd8 37. Bc5 d4 38. Kc2 1-0

[Event "5th Classic Open 2013"]
[Site "London ENG"]
[Date "2013.12.12"]
[Round "6.31"]
[White "Ociepka, Adrian"]
[Black "Wall, Gavin"]
[Result "0-1"]
[BlackTitle "IM"]
[WhiteElo "2157"]
[BlackElo "2328"]
[WhiteFideId "1141937"]
[BlackFideId "2501244"]
[EventDate "2013.12.07"]

1. d4 f5 2. c4 Nf6 3. Nc3 e6 4. e3 b6 5. Bd3 Bb7 6. f3 Nh5 7. Nh3 Qh4+ 8. Nf2
Nc6 9. Bd2 f4 10. g3 fxg3 11. hxg3 Qxg3 12. Rxh5 Nb4 13. Ne4 Nxd3+ 14. Ke2 Nxf2
15. Nxg3 Nxd1 16. Rxd1 g6 17. Rh3 Bg7 18. Bc3 O-O 19. e4 Ba6 20. b3 d5 21. Ke3
dxc4 22. b4 c5 23. Ne2 cxd4+ 24. Nxd4 Rad8 25. Rdh1 e5 26. Ne6 Rd3+ 27. Ke2 Rxc3
28. Nxg7 Kxg7 29. Rxh7+ Kf6 30. Rxa7 Rc2+ 31. Ke3 Rd8 0-1

[Event "5th Classic Open 2013"]
[Site "London ENG"]
[Date "2013.12.12"]
[Round "6.32"]
[White "Roe, Simon J"]
[Black "Lee, Kai Jie Edward"]
[Result "0-1"]
[WhiteElo "2263"]
[BlackElo "2145"]
[WhiteFideId "401471"]
[BlackFideId "5802920"]
[EventDate "2013.12.07"]

1. Nf3 Nf6 2. c4 e6 3. g3 d5 4. Bg2 dxc4 5. Qa4+ c6 6. Qxc4 b5 7. Qc2 Bb7 8. a4
a6 9. O-O Nbd7 10. d3 Be7 11. Nc3 O-O 12. Bd2 Qb6 13. h3 c5 14. Ng5 Bxg2 15.
Kxg2 Rac8 16. axb5 axb5 17. Qb3 Rb8 18. Be3 Qc6+ 19. Kg1 Nd5 20. Nxd5 exd5 21.
Nf3 c4 22. Nd4 Qf6 23. dxc4 bxc4 24. Qc2 Bc5 25. Rfd1 Rb7 26. Ra5 Rfb8 27. Qa4
Bf8 28. Ra6 Nc5 29. Rxf6 Nxa4 30. Rf5 Rxb2 31. Nc6 Nc3 32. Re1 Rc8 33. Na7 Re8
34. Bd4 Nxe2+ 35. Kh2 Nxd4 0-1

[Event "5th Classic Open 2013"]
[Site "London ENG"]
[Date "2013.12.12"]
[Round "6.33"]
[White "Green, Andrew D"]
[Black "Ledger, Dave J"]
[Result "0-1"]
[BlackTitle "FM"]
[WhiteElo "2148"]
[BlackElo "2246"]
[WhiteFideId "2401762"]
[BlackFideId "401986"]
[EventDate "2013.12.07"]

1. d4 Nf6 2. c4 g6 3. Nc3 Bg7 4. e4 d6 5. Nf3 O-O 6. Be2 e5 7. O-O Nc6 8. d5 Ne7
9. Ne1 Nd7 10. Be3 f5 11. f3 f4 12. Bf2 g5 13. Rc1 Rf6 14. Nd3 Rh6 15. c5 Qe8
16. Nb5 Qh5 17. h4 gxh4 18. Kh1 Rg6 19. Rg1 Nxc5 20. Nxc5 dxc5 21. Nxc7 Rg3 22.
Qe1 Rb8 23. Rxc5 Kh8 24. Bb5 Bh3 25. Kh2 Rg8 26. gxh3 Qxf3 27. Bd7 Bf6 0-1

[Event "5th Classic Open 2013"]
[Site "London ENG"]
[Date "2013.12.12"]
[Round "6.34"]
[White "Smith, Andrew Philip"]
[Black "Britton, Richard L"]
[Result "1/2-1/2"]
[WhiteTitle "FM"]
[BlackTitle "FM"]
[WhiteElo "2132"]
[BlackElo "2231"]
[WhiteFideId "2500833"]
[BlackFideId "401692"]
[EventDate "2013.12.07"]

1. e4 c5 2. Nf3 d6 3. d4 cxd4 4. Nxd4 Nf6 5. Nc3 a6 6. Bg5 e6 7. Qe2 Be7 8. f4
h6 9. Bh4 Nxe4 10. Bxe7 Nxc3 11. Qc4 Kxe7 12. Qxc3 Re8 13. O-O-O Kf8 14. g3 Kg8
15. Bg2 d5 16. Rhe1 Bd7 17. f5 e5 18. Nf3 d4 19. Qc5 Nc6 20. Nxe5 Nxe5 21. Rxe5
Rxe5 22. Qxe5 Qg5+ 23. Qf4 Qxf4+ 24. gxf4 Bxf5 25. Rxd4 Rc8 26. c3 Rc7 27. Rb4
Bc8 28. Kd2 Kf8 29. Ke3 1/2-1/2

[Event "5th Classic Open 2013"]
[Site "London ENG"]
[Date "2013.12.12"]
[Round "6.35"]
[White "Bird, Andrew"]
[Black "Wallace, Paul"]
[Result "0-1"]
[WhiteElo "2229"]
[BlackElo "2130"]
[WhiteFideId "3204502"]
[BlackFideId "2500892"]
[EventDate "2013.12.07"]

1. Nf3 Nf6 2. g3 g6 3. Bg2 Bg7 4. O-O O-O 5. d4 d6 6. a4 a5 7. Re1 Nbd7 8. e4 e5
9. c3 Re8 10. dxe5 dxe5 11. Na3 b6 12. Nb5 Bb7 13. Nh4 Nc5 14. Qxd8 Rexd8 15.
Nxc7 Rac8 16. Nb5 Nb3 17. Rb1 Bxe4 18. Bxe4 Nxe4 19. Kg2 Nxc1 20. Rbxc1 Nc5 21.
Rc2 Nxa4 22. Nf3 f6 23. Nd2 Nc5 24. Ne4 Nxe4 25. Rxe4 Rd5 26. Na3 b5 27. Ree2
Bf8 28. c4 bxc4 29. Rxc4 Rxc4 30. Nxc4 Rc5 31. Rc2 Kf7 32. b3 Rb5 33. Ra2 Bb4
34. Re2 Rd5 35. Rc2 h5 36. h4 f5 37. Ne3 Rc5 38. Nc4 Ke6 39. f3 Rd5 40. Re2 Rb5
41. Re3 Rc5 42. Nb6 Rc2+ 43. Kh3 Bc5 0-1

[Event "5th Classic Open 2013"]
[Site "London ENG"]
[Date "2013.12.12"]
[Round "6.36"]
[White "Johannesson, Oliver"]
[Black "Taylor, Peter P"]
[Result "0-1"]
[WhiteElo "2078"]
[BlackElo "2222"]
[WhiteFideId "2305623"]
[BlackFideId "402478"]
[EventDate "2013.12.07"]

1. d4 Nf6 2. c4 e6 3. Nc3 Bb4 4. Qc2 c5 5. dxc5 Bxc5 6. Nf3 Qb6 7. e3 Qc7 8. Be2
a6 9. O-O Be7 10. e4 d6 11. Bg5 Nbd7 12. Rad1 O-O 13. Nd4 b6 14. Kh1 Bb7 15. f4
Rfe8 16. f5 e5 17. Nf3 b5 18. Nd2 b4 19. Bxf6 Nxf6 20. Ncb1 d5 21. Bf3 d4 22.
Nb3 Rec8 23. N1d2 Nd7 24. Nc1 Bg5 25. b3 a5 26. Nd3 Nf6 27. Rfe1 h5 28. g3 Ra6
29. Kg2 g6 30. h3 Kg7 31. fxg6 fxg6 32. c5 Bxd2 33. Qxd2 Rc6 34. Qg5 Re8 35. g4
hxg4 36. hxg4 Nh7 37. Qh4 Qe7 38. Qh2 Qg5 39. Qg3 Ba6 40. Be2 Nf6 41. Nf2 Bxe2
42. Rxe2 Rxc5 43. Rdd2 Rc3 44. Rd3 Rec8 0-1

[Event "5th Classic Open 2013"]
[Site "London ENG"]
[Date "2013.12.12"]
[Round "6.40"]
[White "Fernandez, Daniel Howard"]
[Black "Hill, Alistair"]
[Result "1-0"]
[WhiteTitle "IM"]
[WhiteElo "2381"]
[BlackElo "2097"]
[WhiteFideId "5801605"]
[BlackFideId "432407"]
[EventDate "2013.12.07"]

1. b4 d5 2. Bb2 Bf5 3. Nf3 e6 4. e3 Nf6 5. b5 a6 6. a4 axb5 7. axb5 Rxa1 8. Bxa1
Nbd7 9. Be2 Bd6 10. O-O O-O 11. d4 Ne4 12. c4 dxc4 13. Bxc4 Nb6 14. Be2 Qa8 15.
Nbd2 Qa3 16. Nxe4 Bxe4 17. Ng5 Bg6 18. Bf3 h6 19. Ne4 Nd5 20. Nxd6 cxd6 21. Qc1
Qa5 22. Be2 Qa8 23. Qd2 Rc8 24. Rc1 Rxc1+ 25. Qxc1 Qa2 26. Bf1 Qc2 27. Bb2 Kf8
28. Ba3 Ke7 29. f3 Qxc1 30. Bxc1 Bc2 31. Bd2 b6 32. e4 Nc7 33. Bb4 Kd7 34. e5
dxe5 35. dxe5 Ba4 36. Bf8 g6 37. Bxh6 Nxb5 38. Be3 Kc6 39. h4 Nc7 40. Bd3 Nd5
41. Bc1 Kc5 42. Bb2 Nf4 43. Bb1 Bb5 44. Kf2 Nd3+ 45. Bxd3 Bxd3 46. Ke3 Bf1 47.
g4 Kc4 48. Kf4 Be2 49. h5 gxh5 50. gxh5 b5 51. h6 Bd3 52. Kg5 1-0

[Event "5th Classic Open 2013"]
[Site "London ENG"]
[Date "2013.12.12"]
[Round "6.42"]
[White "Osborne, Marcus E"]
[Black "De Andres Gonalons, Fernando"]
[Result "1/2-1/2"]
[WhiteElo "2286"]
[BlackElo "2040"]
[WhiteFideId "404608"]
[BlackFideId "2221896"]
[EventDate "2013.12.07"]

1. d4 d5 2. c4 dxc4 3. e3 e6 4. Bxc4 Nf6 5. Nf3 c5 6. O-O a6 7. Nc3 b5 8. Be2
Bb7 9. dxc5 Qxd1 10. Nxd1 Bxc5 11. a4 bxa4 12. Rxa4 Nc6 13. Nd2 Ne5 14. Nb3 Be7
15. Na5 Bc8 16. f4 Ned7 17. Bf3 Nd5 18. Nc3 N7b6 19. Re4 Nxc3 20. bxc3 Bd7 21.
Bd2 Rc8 22. Rb1 Na4 23. Rd4 Nc5 24. Nb7 Rc7 25. c4 Nxb7 26. Rxb7 Rxb7 27. Bxb7
Bc5 28. Rd3 Ke7 29. Bxa6 Rb8 30. Bc3 f6 31. Bd4 Bxd4 32. exd4 Rb1+ 33. Kf2 Rb6
34. Ra3 Rb2+ 35. Ke3 Rxg2 36. Bb5 Bxb5 37. cxb5 Rxh2 38. Ra7+ Kd6 39. Rxg7 Rb2
40. Rb7 Rb3+ 41. Kd2 Kd5 42. Kc2 Rb4 43. Kc3 Rb1 44. Rd7+ Ke4 45. Kc4 Rc1+ 46.
Kb4 Kxf4 47. Rxh7 f5 48. b6 Ke4 49. Rc7 Rb1+ 50. Kc5 f4 51. b7 Rc1+ 52. Kd6 Rb1
53. Rf7 f3 54. Kc7 Kxd4 55. Rxf3 e5 56. Rf6 Rxb7+ 57. Kxb7 e4 58. Kc6 e3 59. Re6
Kd3 60. Rd6+ Kc2 61. Kd5 e2 62. Re6 1/2-1/2

[Event "5th Classic Open 2013"]
[Site "London ENG"]
[Date "2013.12.12"]
[Round "6.44"]
[White "Sreeves, Clement"]
[Black "Duncan, Patrick C M"]
[Result "1-0"]
[WhiteElo "2251"]
[BlackElo "2035"]
[WhiteFideId "2402564"]
[BlackFideId "405787"]
[EventDate "2013.12.07"]

1. e4 c6 2. d4 d5 3. Nc3 dxe4 4. Nxe4 Nd7 5. Ng5 Ngf6 6. Bd3 e6 7. N1f3 Bd6 8.
Qe2 h6 9. Ne4 Nxe4 10. Qxe4 Nf6 11. Qe2 b6 12. Bd2 Qc7 13. O-O-O Bb7 14. Ne5
O-O-O 15. f4 c5 16. dxc5 Bxc5 17. Kb1 Kb8 18. Rhf1 Ka8 19. g4 Nd5 20. Be4 Rhe8
21. Qg2 f6 22. Nd3 Be3 23. Bf3 Bxd2 24. Qxd2 e5 25. fxe5 fxe5 26. Nf2 Nf6 27.
Bxb7+ Kxb7 28. Qe2 e4 29. Rxd8 Qxd8 30. Nd1 Qd7 31. Ne3 Rd8 32. Rd1 Qc7 33. Rxd8
Qxd8 34. a4 Qd4 35. b3 Kb8 36. Qf2 Kb7 37. h3 Qc5 38. Qf4 Qd4 39. Nf5 Qd1+ 40.
Kb2 Qf3 41. Qd6 e3 42. Qe7+ Ka6 43. Nxe3 Ne4 44. Nd5 Nc5 45. Nb4+ Ka5 46. Qxa7+ 1-0

[Event "5th Classic Open 2013"]
[Site "London ENG"]
[Date "2013.12.12"]
[Round "6.45"]
[White "Compton, Alistair"]
[Black "Bukojemski, Adam"]
[Result "0-1"]
[WhiteElo "2101"]
[BlackElo "2243"]
[WhiteFideId "4300645"]
[BlackFideId "1114620"]
[EventDate "2013.12.07"]

1. e4 c5 2. c3 g6 3. d4 cxd4 4. cxd4 d5 5. Nc3 dxe4 6. Bc4 Nc6 7. Qb3 e6 8. d5
Nd4 9. Qd1 e5 10. Be3 Nf5 11. Nge2 Nd6 12. O-O Bd7 13. Bb3 f5 14. f4 exf3 15.
gxf3 Nf6 16. f4 Ng4 17. Bf2 Bg7 18. fxe5 Bxe5 19. Nd4 Bxh2+ 20. Kh1 Be5 21. Nf3
O-O 22. Nxe5 Nxe5 23. Qd4 Qf6 24. Bg3 Nec4 25. Qf2 g5 26. Rae1 Rae8 27. Qxa7
Rxe1 28. Bxe1 f4 29. Rf2 Ne3 30. Bd2 Ng4 31. Bd1 Nxf2+ 32. Qxf2 g4 33. Ne2 Ne4 0-1

[Event "5th Classic Open 2013"]
[Site "London ENG"]
[Date "2013.12.12"]
[Round "6.47"]
[White "Stigar, Petter"]
[Black "Donovan, Nigel P"]
[Result "1-0"]
[WhiteTitle "FM"]
[WhiteElo "2240"]
[BlackElo "2033"]
[WhiteFideId "1500341"]
[BlackFideId "403822"]
[EventDate "2013.12.07"]

1. Nf3 c5 2. c4 Nf6 3. g3 Nc6 4. Bg2 d6 5. Nc3 g6 6. d4 cxd4 7. Nxd4 Bd7 8. O-O
Bg7 9. Nc2 O-O 10. b3 a6 11. Bb2 Rb8 12. Nd5 Nxd5 13. Bxg7 Ne3 14. Nxe3 Kxg7 15.
Qc1 Kg8 16. Rd1 Ne5 17. Qb2 b6 18. Nd5 Bc6 19. Rac1 e6 20. Nc3 Bxg2 21. Kxg2 Qc7
22. Ne4 Qc6 23. f3 Rfd8 24. c5 bxc5 25. Rxd6 Rxd6 26. Qxe5 Rdd8 27. Rxc5 Qb6 28.
Nf6+ Kf8 29. Nxh7+ Kg8 30. Nf6+ Kf8 31. Rc7 Rb7 32. Nd5 1-0

[Event "5th Classic Open 2013"]
[Site "London ENG"]
[Date "2013.12.12"]
[Round "6.48"]
[White "Samaganova, Alexandra"]
[Black "Steil-Antoni, Fiona"]
[Result "1/2-1/2"]
[BlackTitle "WIM"]
[WhiteElo "2033"]
[BlackElo "2190"]
[WhiteFideId "13800221"]
[BlackFideId "4001249"]
[EventDate "2013.12.07"]

1. c4 e5 2. Nc3 Nc6 3. Nf3 f5 4. e3 Nf6 5. d4 e4 6. Nd2 Bb4 7. Qc2 O-O 8. Be2 d6
9. a3 Bxc3 10. Qxc3 Ne7 11. b4 c6 12. Rb1 Ng6 13. g3 d5 14. b5 Kh8 15. a4 Rf7
16. Ba3 Be6 17. bxc6 bxc6 18. cxd5 cxd5 19. Nb3 Rc7 20. Nc5 Nd7 21. h4 Nxc5 22.
dxc5 Qf6 23. Qa5 Qf7 24. Bb2 Rac8 25. h5 Ne7 26. h6 Rxc5 27. hxg7+ Kg8 28. Qxa7
R5c7 29. Qb6 Nc6 30. Bh5 Qe7 31. Qb5 Rb8 32. Qe2 Qb4+ 33. Kf1 d4 34. Kg2 d3 35.
Qd1 Bb3 36. Qe1 Qxe1 37. Rbxe1 Bxa4 38. Bc3 Rcb7 1/2-1/2

[Event "5th Classic Open 2013"]
[Site "London ENG"]
[Date "2013.12.12"]
[Round "6.50"]
[White "Okike, David"]
[Black "Stokes, Paul C"]
[Result "1-0"]
[WhiteElo "2150"]
[BlackElo "2030"]
[WhiteFideId "8500134"]
[BlackFideId "419010"]
[EventDate "2013.12.07"]

1. e4 c6 2. d4 d5 3. e5 Bf5 4. h4 h5 5. c4 e6 6. Nc3 Ne7 7. Bg5 Qc7 8. Qd2 dxc4
9. Bxc4 Nd5 10. Nge2 Nd7 11. Ng3 Bg6 12. O-O N7b6 13. Bb3 Be7 14. Nce4 O-O-O 15.
Bxe7 Qxe7 16. Ng5 f6 17. Nf3 Kb8 18. Rfe1 Nd7 19. exf6 gxf6 20. Bxd5 cxd5 21.
Qf4+ Ka8 22. Rac1 Rc8 23. Rc7 Rxc7 24. Qxc7 Qf7 25. Qd6 Re8 26. Rc1 Nb8 27. a3
Nc6 28. b4 Qe7 29. Qf4 e5 30. Qh6 Be4 31. dxe5 Nxe5 32. Nd4 Nd3 33. Rc3 Qe5 34.
Qe3 Nf4 35. Nb5 d4 36. Nxd4 Bxg2 37. Nb5 Qxb5 38. Qxf4 Bc6 39. Rc5 Qd3 40. Qf5
Qxa3 41. b5 Qa1+ 42. Kh2 Qd4 43. bxc6 Qxh4+ 44. Kg2 1-0

[Event "5th Classic Open 2013"]
[Site "London ENG"]
[Date "2013.12.12"]
[Round "6.52"]
[White "Sellmair, Reinhard"]
[Black "Sathyanandha, Saravanan"]
[Result "0-1"]
[WhiteElo "1988"]
[BlackElo "2144"]
[WhiteFideId "12946990"]
[BlackFideId "470929"]
[EventDate "2013.12.07"]

1. e4 e6 2. d4 d5 3. Nc3 Nf6 4. Bg5 Be7 5. e5 Nfd7 6. Bxe7 Qxe7 7. f4 a6 8. Nf3
c5 9. dxc5 Nc6 10. Qd2 Nxc5 11. O-O-O b5 12. Bd3 Bd7 13. h4 Rb8 14. h5 b4 15.
Ne2 b3 16. axb3 Rxb3 17. Kb1 Nxd3 18. cxb3 Nf2 19. Ned4 Nxh1 20. Nxc6 Bxc6 21.
Rxh1 O-O 22. g4 d4 23. Qd3 Qb7 24. Ng5 f5 25. Re1 Qb4 26. Qg3 Bd5 27. gxf5 exf5
28. h6 g6 29. Rc1 Qb7 30. Qf2 Rd8 31. Qc2 Be4 32. Nxe4 Qxe4 33. Ka2 Qxc2 34.
Rxc2 d3 35. Rd2 Kf7 36. b4 Ke6 37. Kb3 g5 38. fxg5 Kxe5 39. Kc3 Ke4 40. Rg2 Rc8+
41. Kb3 Kf3 42. Rh2 f4 43. g6 Ke3 44. g7 d2 45. Rh1 f3 0-1

[Event "5th Classic Open 2013"]
[Site "London ENG"]
[Date "2013.12.12"]
[Round "6.53"]
[White "Shepley, Julien M"]
[Black "Hamitevici, Vladimir"]
[Result "0-1"]
[BlackTitle "IM"]
[WhiteElo "1986"]
[BlackElo "2508"]
[WhiteFideId "403210"]
[BlackFideId "13902393"]
[EventDate "2013.12.07"]

1. e4 c6 2. Nf3 d5 3. Nc3 a6 4. Qe2 d4 5. Nd1 c5 6. g3 Nc6 7. Bg2 d3 8. cxd3 Nb4
9. O-O Qxd3 10. Qe3 Nf6 11. a3 Qxe3 12. Nxe3 Nc6 13. d3 Be6 14. e5 Nd7 15. Bd2
h6 16. Bc3 g5 17. h3 Bg7 18. Rfe1 Rd8 19. d4 cxd4 20. Nxd4 Nxd4 21. Bxd4 Nxe5
22. Nf5 Nf3+ 23. Bxf3 Bxd4 24. Nxd4 Rxd4 25. Bxb7 a5 26. b4 axb4 27. axb4 O-O
28. b5 Rb8 29. Ra8 Rxa8 30. Bxa8 Rb4 31. Bc6 Kf8 32. Kg2 Bc4 33. Re4 f5 34. Re5
e6 35. g4 Ke7 36. gxf5 Kd6 37. f4 gxf4 38. f6 Rb2+ 39. Kf3 Kxe5 40. f7 Be2+ 0-1

[Event "5th Classic Open 2013"]
[Site "London ENG"]
[Date "2013.12.12"]
[Round "6.54"]
[White "Calvert, D Ian"]
[Black "Ortega Ruiz, Jose Miguel"]
[Result "0-1"]
[BlackTitle "FM"]
[WhiteElo "2002"]
[BlackElo "2366"]
[WhiteFideId "406368"]
[BlackFideId "2209713"]
[EventDate "2013.12.07"]

1. b3 e5 2. Bb2 Nc6 3. e3 d5 4. Bb5 Bd6 5. f4 Qh4+ 6. g3 Qe7 7. Nf3 Bg4 8. fxe5
Bxe5 9. Bxe5 Bxf3 10. Qxf3 Qxe5 11. Bxc6+ bxc6 12. O-O Nf6 13. Nc3 O-O 14. Qf4
Rfe8 15. Qxe5 Rxe5 16. Rf4 Nd7 17. Raf1 f6 18. Ra4 Kf7 19. Rff4 g5 20. Rfb4 Nb6
21. Ra6 Ree8 22. Na4 Reb8 23. c4 Ke7 24. Kf2 f5 25. Ke2 h5 26. d3 Kd7 27. c5 Nc8
28. Rxb8 Rxb8 29. Nc3 g4 30. d4 h4 31. Kf2 Ne7 32. Ne2 hxg3+ 33. hxg3 Rh8 34.
Kg2 Kc8 35. Rxa7 Kb8 36. Ra3 Ng8 37. b4 Nf6 38. Nf4 Ne4 39. Rd3 Kb7 40. a4 Ra8
41. Ra3 Nd2 42. Ra1 Re8 43. b5 Rxe3 44. bxc6+ Kxc6 45. a5 Re8 46. Nd3 Re2+ 47.
Kg1 Nf3+ 48. Kf1 Rh2 49. Ra4 Kb5 50. Rb4+ Kxa5 51. Rb7 c6 52. Ne5 Nxd4 53. Rb6
Rh6 54. Kf2 Re6 55. Ke3 Nf3 0-1

[Event "5th Classic Open 2013"]
[Site "London ENG"]
[Date "2013.12.12"]
[Round "6.56"]
[White "Tozer, Philip A A"]
[Black "Milligan, Helen"]
[Result "1-0"]
[BlackTitle "CM"]
[WhiteElo "2141"]
[BlackElo "1977"]
[WhiteFideId "419982"]
[BlackFideId "2401312"]
[EventDate "2013.12.07"]

1. c4 Nf6 2. g3 g6 3. Nc3 Bg7 4. Bg2 d6 5. e4 e5 6. Nge2 c5 7. O-O Nc6 8. d3 O-O
9. h3 Be6 10. f4 exf4 11. gxf4 Qc8 12. Kh2 Ne8 13. Be3 Nd4 14. Nd5 Bxd5 15. cxd5
Nxe2 16. Qxe2 Rb8 17. Rac1 b6 18. d4 Qd7 19. e5 Nc7 20. Qd3 Rfe8 21. exd6 Nb5
22. dxc5 bxc5 23. Bxc5 Nxd6 24. b3 Nf5 25. Rc4 Rbc8 26. Rfc1 Nh4 27. Bf2 Nxg2
28. Kxg2 Rcd8 29. Rd1 Bf8 30. Ra4 Bd6 31. Rxa7 Qc8 32. Ra4 Qb8 33. Qd4 Re2 34.
Rd2 Rde8 35. Rxe2 Rxe2 36. Kf1 Qe8 37. Qd3 Re7 38. Rc4 Qa8 39. a4 Re8 40. Qd2
Qb7 41. Rc6 Qb8 42. f5 Be5 43. b4 Bf4 44. Qc3 Qd8 45. Qf3 Bd2 46. b5 Qa5 47.
fxg6 hxg6 48. Qd3 Kh7 49. Rc4 Be1 50. Rh4+ Kg7 51. Bd4+ f6 52. Rg4 1-0

[Event "5th Classic Open 2013"]
[Site "London ENG"]
[Date "2013.12.12"]
[Round "6.57"]
[White "Pienabarca, Nicola"]
[Black "Millward, Kevin P"]
[Result "0-1"]
[WhiteElo "2139"]
[BlackElo "1950"]
[WhiteFideId "806641"]
[BlackFideId "404721"]
[EventDate "2013.12.07"]

1. d4 d6 2. c4 g6 3. Nc3 Bg7 4. e4 e5 5. d5 f5 6. exf5 gxf5 7. Qh5+ Kf8 8. Bd3
Nf6 9. Qd1 Qe8 10. Nge2 Qg6 11. Rg1 h5 12. f3 Na6 13. a3 Nc5 14. Bc2 a5 15. Be3
Bh6 16. Qd2 Bxe3 17. Qxe3 Bd7 18. O-O-O Kf7 19. Kb1 Rhg8 20. Qf2 Qh6 21. Nc1 b6
22. Nd3 Rab8 23. a4 Nxd3 24. Bxd3 Qf4 25. g3 Qh6 26. Qc2 Qg5 27. Rdf1 f4 28. Ne2
fxg3 29. f4 exf4 30. hxg3 f3 31. Rxf3 Bg4 32. Rf2 Rgf8 33. Rgf1 Kg7 34. Nf4 Rbe8
35. Qc3 Re3 36. Ne2 Qe5 37. Qxe5 Rxe5 38. Nc3 Nd7 39. Rxf8 Nxf8 40. Kc2 Re3 41.
Ne4 Be2 42. Bxe2 Rxe2+ 43. Nd2 Rg2 44. Rf3 Nd7 45. b3 Ne5 46. Re3 Kf6 47. Kc3
Kf5 48. Nf1 Kg4 49. Re4+ Kg5 50. Re3 Rg1 51. Nd2 Kg4 52. Ne4 Rf1 53. Nd2 Rf2 54.
Ne4 Rf5 55. Kd2 Nf3+ 56. Kd3 Re5 57. Ke2 Nd4+ 58. Kd3 Nxb3 59. Nf6+ Kf5 60.
Rxe5+ Kxe5 61. Nxh5 Nc5+ 62. Kc2 Nxa4 63. g4 Nc5 64. Ng7 Kd4 65. Ne8 Ne4 66.
Nxc7 Kxc4 67. Ne8 Kxd5 0-1

[Event "5th Classic Open 2013"]
[Site "London ENG"]
[Date "2013.12.12"]
[Round "6.58"]
[White "Warman, Simon M"]
[Black "Nettleton, Charlie B"]
[Result "1-0"]
[WhiteElo "2119"]
[BlackElo "1913"]
[WhiteFideId "408867"]
[BlackFideId "419710"]
[EventDate "2013.12.07"]

1. e4 d6 2. d4 Nf6 3. Nc3 g6 4. f4 Bg7 5. Nf3 c5 6. Bc4 O-O 7. O-O Bg4 8. dxc5
dxc5 9. Bxf7+ Kxf7 10. Ne5+ Kg8 11. Nxg4 Qxd1 12. Nxf6+ Bxf6 13. Nxd1 Bd4+ 14.
Kh1 c4 15. c3 Bc5 16. Ne3 b5 17. a4 Bxe3 18. Bxe3 bxa4 19. Rxa4 1-0

[Event "5th Classic Open 2013"]
[Site "London ENG"]
[Date "2013.12.12"]
[Round "6.59"]
[White "Boger, Raymond"]
[Black "Harari, Zaki"]
[Result "1-0"]
[WhiteElo "1937"]
[BlackElo "2118"]
[WhiteFideId "1507419"]
[BlackFideId "2002639"]
[EventDate "2013.12.07"]

1. c4 Nf6 2. g3 g6 3. Bg2 Bg7 4. Nc3 O-O 5. e4 e5 6. Nge2 d6 7. O-O c6 8. d3
Nbd7 9. h3 a5 10. Be3 Re8 11. Qd2 Nc5 12. f4 Qe7 13. f5 d5 14. cxd5 cxd5 15. Bg5
dxe4 16. Nd5 Qd6 17. fxg6 Qxd5 18. Bxf6 hxg6 19. Bxg7 Kxg7 20. Nc3 Qd4+ 21. Kh2
e3 22. Qd1 Be6 23. Qf3 Rad8 24. Rae1 f5 25. Rxe3 Nxd3 26. Nb5 Qb6 27. Rxd3 e4
28. Rd6 Qxb5 29. Qc3+ Kh6 30. Qd2+ Kh7 31. Rxd8 e3 32. Qd4 1-0